000 00441nam a2200181Ia 4500
001 2671
005 20260306144824.0
008 260306t2010||||xx |||||||||||||| ||spa||
041 _aESP
082 _a209
_bD32
100 _aDawson, Christopher
_eAUT
245 0 _aLa religión y el origen de la cultura occidental
260 _c2010
300 _a254 páginas :
_c23 cm.
650 _aGEN
654 _aCHU
942 _cLIB
_dJUS
_fJUS
_2ddc
_n
999 _c2671
_d2671